=LDR 00000nam 2200000 4500 =001 INLIS000000000008172 =005 20130612100058 =008 ***********************************Ind** =035 ##$$0010-061300000008172 =041 ##$$a Ind =082 ##$$a F Rom K =090 ##$$a F Rom K, Ali y =100 ##$$a Alimin, Yoshida =245 ##$$a Yasha, Alimin Yoshida =260 ##$$a 2002 $b Jakarta =300 ##$$a ...jil, ils, 17 cm =650 ##$$a Fiksi anak-anak